Library Banner

Chronic depression (Record no. 44156)

MARC details
000 -LEADER
fixed length control field 00569nam a2200193Ia 4500
001 - CONTROL NUMBER
control field 46203
008 - FIXED-LENGTH DATA ELEMENTS--GENERAL INFORMATION
fixed length control field 140429s9999 xx 000 0 und d
020 ## - INTERNATIONAL STANDARD BOOK NUMBER
International Standard Book Number 1591473063
040 ## - CATALOGING SOURCE
Transcribing agency PK-LaUMT
082 ## - DEWEY DECIMAL CLASSIFICATION NUMBER
Classification number 616.8527
Item number PET-C
100 ## - MAIN ENTRY--PERSONAL NAME
Personal name Joiner, Thomas E.
245 ## - TITLE STATEMENT
Title Chronic depression
Remainder of title interpersonal sources, therapeutic solutions
Statement of responsibility, etc Joiner, Thomas E.<>Pettit, Jeremy W.
260 ## - PUBLICATION, DISTRIBUTION, ETC. (IMPRINT)
Place of publication, distribution, etc Washington,USA:
Name of publisher, distributor, etc American Psychological Association,
Date of publication, distribution, etc 2006
300 ## - PHYSICAL DESCRIPTION
Extent 213 p.
546 ## - LANGUAGE NOTE
Language note EN
650 ## - SUBJECT ADDED ENTRY--TOPICAL TERM
Topical term or geographic name as entry element Depression, mental
700 ## - ADDED ENTRY--PERSONAL NAME
Personal name Pettit, Jeremy W.
942 ## - ADDED ENTRY ELEMENTS (KOHA)
Koha item type Books
Holdings
Withdrawn status Lost status Damaged status Not for loan Home library Current library Date acquired Total Checkouts Full call number Barcode Date last seen Date checked out Price effective from Koha item type
        UMT Main Campus UMT Main Campus 2014-04-29 1 616.8527 PET-C 55289 2019-09-28 2019-09-18 2014-05-06 Books